| 000 | 00443nam a2200145Ia 4500 | ||
|---|---|---|---|
| 008 | 230917s9999||||xx |||||||||||||| ||und|| | ||
| 040 |
_e176547 _aMAIN |
||
| 041 | _aEnglish | ||
| 082 | _a891.431721 SV92S | ||
| 100 | _aशुक्ल, विनोद कुमार | ||
| 245 | 0 | _aसब कुछ होना बचा रहेगा | |
| 260 |
_aनई दिल्ली _bराजकमल _c2007 |
||
| 300 | _a128 p. | ||
| 942 | _cHN | ||
| 999 |
_c154708 _d154708 |
||